| 000 | 00744nam a2200253 i 4500 | ||
|---|---|---|---|
| 003 | DO-SdBNP | ||
| 005 | 20231114131722.0 | ||
| 006 | a||||gr|||| 00| 0 | ||
| 007 | ta | ||
| 008 | 231027e1911 rd a|||| |||| 00| e spa d | ||
| 020 | _a9789945404494 | ||
| 040 |
_aDO-SdBNP _bspa _cBNPHU _erda |
||
| 082 | 4 |
_222 _bL817 |
|
| 100 |
_aLockward, Antonio, _d1943- _956049 |
||
| 245 |
_aTe agradezco mi soledad : _bpoesia completa / _cAntonio Lockward Artiles |
||
| 264 |
_aSanto Domingo : _bEdiciones de Cultura, _c2011 |
||
| 300 |
_a130 páginas ; _c24 cm. |
||
| 336 |
_2rdacontent _atexto _btxt |
||
| 337 |
_2rdamedia _asin mediación _bn |
||
| 338 |
_2rdacarrier _avolumen _bnc |
||
| 590 | _aInventariado 2023 / DG | ||
| 910 | _aDG | ||
| 942 |
_2ddc _cLBS1 |
||
| 999 |
_c55486 _d55486 |
||